| 000 | 01054nem a2200229 i 4500 | ||
|---|---|---|---|
| 001 | 185995 | ||
| 003 | ES-MaACL | ||
| 005 | 20250830195445.0 | ||
| 008 | 160902s1883 sp | | | ||spa d | ||
| 130 | 0 |
_aMálaga. _kPlanos de población. _f1883. _9160676 |
|
| 245 | 1 | 0 |
_aPlano de Málaga [ _hMaterial cartográfico] / _clevantado por una Comisión de oficiales del Cuerpo de E.M. del Ejército y publicado por el Depósito de la Guerra en 1883. |
| 255 | _a1:5.000. | ||
| 260 |
_a[Madrid?] : _bPublicado por el Depósito de la Guerra, _cen 1883. |
||
| 300 |
_a1 plano ; _c102 x 99 cm. pleg. en 18 x 25 cm. |
||
| 530 | _aDisponible en formato digital. | ||
| 592 | _aRelieve por curvas de nivel. | ||
| 710 | 2 |
_aComisión de Oficiales del Cuerpo de Estado Mayor del Ejército (España) _9160630 |
|
| 710 | 1 |
_aEspaña. _bDepósito de la Guerra. _9167579 |
|
| 852 |
_aES-MaACL _jG-6464 _z.- Mapa entelado guardado en estuche |
||
| 856 |
_uhttp://bdh-rd.bne.es/viewer.vm?id=0000033579&page=1 _zBiblioteca Digital Hispánica |
||
| 999 |
_c185995 _d185995 |
||